000 00960nmm a2200313 a 4500
001 ocm000652864
003 TR-IsHL
005 20201028132812.0
008 131030s2010 tu tur
007 cr cn
020 _a9789756862193
035 _a652864
_b(N$T)
050 0 4 _aRC456
_b.S29 2010
090 0 4 _aRC456
_b.S29 2010
100 1 _aSaygılı, Sefa
245 1 0 _aBeyin ve ruh: beynin sırlarından ruhun aydınlığına
_h[electronic resource] /
_cSefa Saygılı
260 _aİstanbul :
_bElit Kültür Yayınları,
_c2010
300 _a167 p.
650 4 _aTıp
650 4 _aMedicine
650 0 _aBellek
_x Psikolojik yönleri
650 0 _aMemory
_x Physiological aspects
650 0 _aBeyin
650 0 _aBrain
650 0 _aZeka
650 0 _aIntellect
650 7 _aSELF-HELP / Personal Growth / General
_2bisacsh
856 4 0 _uhttp://search.ebscohost.com/login.aspx?direct=true&scope=site&db=e011xww&AN=652864
999 _c5290
_d5290